NLSUI OPAC header image

Copyright and patent laws for the age of artificial intelligence : (Record no. 217943)

MARC details
000 -LEADER
fixed length control field 02074nam a22003495i 4500
001 - CONTROL NUMBER
control field 24000278
005 - DATE AND TIME OF LATEST TRANSACTION
control field 20260422093608.0
008 - FIXED-LENGTH DATA ELEMENTS--GENERAL INFORMATION
fixed length control field 250121s2025 vau 000 0 eng
010 ## - LIBRARY OF CONGRESS CONTROL NUMBER
LC control number 2025930945
020 ## - INTERNATIONAL STANDARD BOOK NUMBER
International Standard Book Number 9789369526581 (paperback)
035 ## - SYSTEM CONTROL NUMBER
System control number 24000278
040 ## - CATALOGING SOURCE
Original cataloging agency DLC
Language of cataloging eng
Description conventions rda
Transcribing agency DLC
042 ## - AUTHENTICATION CODE
Authentication code pcc
082 ## - DEWEY DECIMAL CLASSIFICATION NUMBER
Classification number 346.40482 JAN
100 1# - MAIN ENTRY--PERSONAL NAME
Personal name Janecková, Eva,
245 10 - TITLE STATEMENT
Title Copyright and patent laws for the age of artificial intelligence :
Remainder of title authorship and inventorship revisited /
Statement of responsibility, etc. Eva Janecková.
250 ## - EDITION STATEMENT
Edition statement 1.
263 ## - PROJECTED PUBLICATION DATE
Projected publication date 2505
264 #1 - PRODUCTION, PUBLICATION, DISTRIBUTION, MANUFACTURE, AND COPYRIGHT NOTICE
Place of production, publication, distribution, manufacture Gordonsville :
Name of producer, publisher, distributor, manufacturer Hart Publishing,
Date of production, publication, distribution, manufacture, or copyright notice 2025.
300 ## - PHYSICAL DESCRIPTION
Extent xx, 218 pages;
Dimensions 24 cm,
336 ## - CONTENT TYPE
Content type term text
Content type code txt
Source rdacontent
365 ## - TRADE PRICE
Price amount Rs. 799.00
505 ## - FORMATTED CONTENTS NOTE
Formatted contents note 1. Introduction -<br/>2. AI: Why does AI Matter to Intellectual Property Law? -<br/>3. The Relevant Justifications for Copyright and Patents -<br/>4. Inventorship in European Patent Law -<br/>5. Inventorship in the Application Practice in the UK, Germany and France -<br/>6. EU Authorship -<br/>7. Authorship in the UK, Germany and France -<br/>8. Authorship in the Application Practice in the UK, Germany and France -<br/>9. Reforms and Ways Forward -<br/>10. Conclusion.
520 ## - SUMMARY, ETC.
Summary, etc. "This book responds to the need to distinguish human creations from those produced by AI. It does so by tracing human attributes of authorship and inventorship in statutory requirements for protection and ownership in European copyright and patent laws. This book guides authorities, practitioners, and students through the main arguments of the debate concerning copyright and patents for objects entirely or partly generated by AI. It also makes original contributions to advance the ongoing academic and policy debates on AI and intellectual property law"--
Assigning source Provided by publisher.
650 ## - SUBJECT ADDED ENTRY--TOPICAL TERM
Topical term or geographic name entry element Copyright Europe.
650 ## - SUBJECT ADDED ENTRY--TOPICAL TERM
Topical term or geographic name entry element Patent laws and legislation Europe.
650 ## - SUBJECT ADDED ENTRY--TOPICAL TERM
Topical term or geographic name entry element Authorship.
650 ## - SUBJECT ADDED ENTRY--TOPICAL TERM
Topical term or geographic name entry element Artificial intelligence Law and legislation Europe.
906 ## - LOCAL DATA ELEMENT F, LDF (RLIN)
a 0
b ibc
c orignew
d 2
e epcn
f 20
g y-gencatlg
942 ## - ADDED ENTRY ELEMENTS (KOHA)
Source of classification or shelving scheme Dewey Decimal Classification
Koha item type BOOKs
Holdings
Withdrawn status Lost status Source of classification or shelving scheme Materials specified (bound volume or other part) Damaged status Not for loan Home library Current library Shelving location Date acquired Source of acquisition Total Checkouts Full call number Barcode Date last seen Price effective from Koha item type Public note
    Dewey Decimal Classification PB     . . Circulation Counter 22.04.2026 Purchased - Satyam Books   346.40482 JAN 40817 22.04.2026 22.04.2026 BOOKs Recommended by Dr. Betsy Rajasingh